000 00669nam a2200277Ia 4500
005 20260324133428.0
008 008 260324s9999 xx 000 0 eng d
020 _a9780203222287
037 _aEBOOK
040 _aCRL
040 _beng
040 _cCRL
041 _2eng
041 _aeng
084 _qCRL
100 _aChristine Counsell; Terry Haydn
_91193066
245 0 _aHistory, ICT and Learning in the Secondary School
260 _bTaylor and Francis
260 _c2003
365 _a
365 _b230
856 _uhttp://www.taylorfrancis.com/books/9780203222287
942 _cEBOOK
999 _c1792079
_d1792079